000 00439nam a22001697a 4500
999 _c4702
_d4702
003 OSt
005 20181212131449.0
008 181212b ||||| |||| 00| 0 eng d
040 _cDLC
082 _a248.4
_bL782R
100 _aLitzman, Warren
245 _aThe Renewed Mind /
_cBy Warren Litzman.
260 _aTexas, USA :
_bChrist-Life Publication,
300 _a32 p.:
650 _aThe Renewed Mind
_xWarren Litzman
942 _2ddc
_cBK